000 00741nam a2200205Ia 4500
003 GCL
008 140319s9999 xx 000 0 ara d
040 _aGCL /
_cGCL
082 0 4 _aد
_b050
100 1 _aمحمد رجب النجار
245 1 0 _aحكايات الشطار والعيارين فى التراث العربى (عالم المعرفة 45) /
_cمحمد رجب النجار
260 _aالكويت :
_bالمجلس الوطنى للثقافة والفنون والاداب ،
_c1981
300 _a458 ص
490 _aعالم المعرفة
_v45
650 0 4 _aالادب العربى
650 0 4 _aالاساطير العربية
650 0 4 _aالقصص الشعبية
650 0 4 _aالنوادر
942 _2ddc
_cBK
999 _c50363
_d50363